000 00809nac a22002051u 4500
008 101128s1987 xxu||||| |||| 00| 0 ara d
020 _a9770112925
082 _a611
_bز ك ى
100 1 _aزكى ، أحمد
_921336
245 _aمع الله فى الأرض /
_cأحمد زكى
250 _aط 2
260 _aالقاهرة :
_bالهيئة المصرية العامة للكتاب ،1987
_c1987.
300 _a439 ص :
_bايض ؛
_c24 سم.
511 _aCatalogued by: Sara
650 _aالتشريح
_921337
650 _aجسم الإنسان
_921685
650 _aالجهازالعصبى
_915479
942 _cBB
_k611 ز ك ى
_2ddc
999 _c8130
_d8130